Stati sopra o sotto l'Equatore? - Quiz n°6 - Statistics

Statistiche generali
  • Questo quiz è stato fatto 41 volte
  • Il punteggio medio è 8 su 10
Statistiche sulle risposte
Hint Risposta % Corretto
Senegal Nord dell'Equatore
94%
Benin Nord dell'Equatore
91%
Tuvalu Sud dell'Equatore
91%
Bangladesh Nord dell'Equatore
88%
Costa Rica Nord dell'Equatore
85%
Madagascar Sud dell'Equatore
85%
Gibuti Nord dell'Equatore
82%
Saint Lucia Nord dell'Equatore
82%
Tanzania Sud dell'Equatore
71%
Palau Nord dell'Equatore
21%
Nessun quiz corrispondente trovato
Distribuzione punteggi
Percentuale di utenti per punteggio
Percentile per numero di risposta
I tuoi punteggi nel tempo
Non hai fatto questo quiz